LEADER 01265nam--2200421---450- 001 990002903870203316 005 20070416135530.0 035 $a000290387 035 $aUSA01000290387 035 $a(ALEPH)000290387USA01 035 $a000290387 100 $a20070416d1926----km-y0itay50------ba 101 $afre 102 $aFR 105 $a||||||||001yy 200 1 $a<> vie amoureuse de Cleopatre$fMyriam Harry 210 $a[Paris]$cE. Flammarion$d[1926] 215 $a215 p.$d18 cm 225 2 $aLeurs amours 300 $aMyriam Harry pseud. di : Perrault-Harry, M.me Émile 410 0$12001$aLeurs amours 454 1$12001 461 1$1001-------$12001 600 0 $aCleopatra ; 7.$xBiografia$cRegina d'Egitto$z30 a.C. 606 0 $aEgitto$xStoria$z332-30 a.C. 676 $a932.021092 700 1$aHARRY,$bMyriam$0453591 801 0$aIT$bsalbc$gISBD 912 $a990002903870203316 951 $aXV.5. 844$b197612 LM$cXV.5. 959 $aBK 969 $aFG 979 $aSENATORE$b90$c20070416$lUSA01$h1351 979 $aSENATORE$b90$c20070416$lUSA01$h1354 979 $aSENATORE$b90$c20070416$lUSA01$h1355 979 $aSENATORE$b90$c20070416$lUSA01$h1355 996 $aVie amoureuse de Cleopatre$9989324 997 $aUNISA LEADER 01223nam--2200373---450- 001 990002754600203316 005 20060613102452.0 035 $a000275460 035 $aUSA01000275460 035 $a(ALEPH)000275460USA01 035 $a000275460 100 $a20060613d1991----km-y0itay0103----ba 101 $aita 102 $aIT 105 $a||||||||001yy 200 1 $a<> analisi e le valutazioni di gestione$ei rapporti di gestione nelle Unita Sanitarie Locali dell'Emilia Romagna$fG. Virgilio, E. Roversi 210 $aBologna$cClueb$dc1991 215 $a338 p.$d22 cm 225 2 $aStrumenti gestionali ed organizzativi nell'azienda sanità$v3 410 0$12001$aStrumenti gestionali ed organizzativi nell'azienda sanità$v3 454 1$12001 461 1$1001-------$12001 606 0 $aUnità sanitarie locali$xGestione$yEmilia-Romagna 676 $a353.945400841 700 1$aVIRGILIO,$bGioia$0593468 701 1$aROVERSI,$bElena$0593469 801 0$aIT$bsalbc$gISBD 912 $a990002754600203316 951 $aP10 289$bDISTRA 959 $aBK 969 $aDISTRA 979 $aDISTRA2$b10$c20060613$lUSA01$h1024 996 $aAnalisi e le valutazioni di gestione$9998373 997 $aUNISA